000 00760nam a2200217Ii 4500
003 JO-AjNU
008 230605s9999||||xx |||||||||||||| ||und||
017 _a2009/11/4721
040 _aJO-AjNU
_bara
_erda
_cJO-AjNU
041 _aara
050 1 4 _aJZ1318.B35.2009
100 3 _a البداينة، ذياب,
_eauthor
_949418
245 0 0 _aالأمن الوطني في عصر العولمة
250 _a(د،ط)
264 3 1 _aعمان : وزارة الثقافة ، 2009
300 _a184ص
336 _atext
_btxt
_2rdacontent
337 _aunmediated
_bn
_2rdamedia
338 _avolume
_bnc
_2rdacarrier
650 4 _aالأمن القومي -- امن المعلومات -- العولمة -- الخدمة الاجتماعية -- الامن
_949419
999 _aA21704
_c25272
_d25272